|
|
|
|
| LEADER |
01827nam a2200505 a 4500 |
| 001 |
nkc20102086942 |
| 003 |
CZ PrNK |
| 005 |
20100517115655.0 |
| 007 |
ta |
| 008 |
100225s2010 xr e f 000 0 cze |
| 015 |
|
|
|a cnb002086942
|
| 020 |
|
|
|a 978-80-247-3219-0
|q (brož.)
|
| 035 |
|
|
|a (OCoLC)641499872
|
| 040 |
|
|
|a BOA001
|b cze
|d ABA001
|
| 072 |
|
7 |
|a 159.93/.94
|x Senzorické a motorické funkce. Emoce. Vůle
|2 Konspekt
|9 17
|
| 080 |
|
|
|a 159.942.53
|2 MRF
|
| 080 |
|
|
|a 159.942
|2 MRF
|
| 080 |
|
|
|a 159.944
|2 MRF
|
| 080 |
|
|
|a 159.923.5
|2 MRF
|
| 080 |
|
|
|a (035)
|2 MRF
|
| 100 |
1 |
|
|a Novák, Tomáš,
|d 1946-2021
|7 jn99240000788
|4 aut
|
| 245 |
1 |
0 |
|a Jak s dobrou náladou překonat nepříjemné situace /
|c Tomáš Novák
|
| 250 |
|
|
|a Vyd. 1.
|
| 260 |
|
|
|a Praha :
|b Grada,
|c 2010
|
| 300 |
|
|
|a 143 s. ;
|c 21 cm
|
| 490 |
1 |
|
|a Psychologie pro každého
|
| 504 |
|
|
|a Obsahuje bibliografii
|
| 650 |
0 |
7 |
|a nálada
|7 ph273334
|2 czenas
|
| 650 |
0 |
7 |
|a emoce
|7 ph114465
|2 czenas
|
| 650 |
0 |
7 |
|a psychická odolnost
|7 ph124783
|2 czenas
|
| 650 |
0 |
7 |
|a pozitivní myšlení
|7 ph124475
|2 czenas
|
| 650 |
0 |
9 |
|a mood (psychology)
|2 eczenas
|
| 650 |
0 |
9 |
|a emotions
|2 eczenas
|
| 650 |
0 |
9 |
|a psychic resistance
|2 eczenas
|
| 650 |
0 |
9 |
|a positive thinking
|2 eczenas
|
| 655 |
|
7 |
|a příručky
|7 fd133209
|2 czenas
|
| 655 |
|
9 |
|a handbooks and manuals
|2 eczenas
|
| 830 |
|
0 |
|a Psychologie pro každého
|0 s
|
| 856 |
4 |
1 |
|u https://www.digitalniknihovna.cz/mzk/uuid/uuid:198fbad0-4569-11e4-8113-005056827e52
|y Digitalizovaný dokument
|x NDK
|
| 910 |
2 |
|
|a BOA001
|b 2-1240.904
|
| 990 |
|
|
|a BK
|
| 995 |
|
|
|a 01
|
| 991 |
|
|
|b 201005
|c NOV
|
| 996 |
6 |
|
|b 2610432527
|c 2-1240.904
|l MZK
|r Sklad / do 1 hodiny
|n 2
|p p.v.
|w 001117700
|u 000010
|a 1
|e BOA001
|j MZK50
|s P
|
| 996 |
7 |
|
|b 2610433188
|c 2-1240.904
|l MZK
|r Sklad / do 1 hodiny
|n 51
|p kup
|w 001117700
|u 000020
|a 1
|e BOA001
|j MZK50
|s A
|